Presupuestos filosóficos de la Teología de la Historia / (Record no. 127908)

MARC details
000 -LEADER
campo de control de longitud fija 00450nam a2200145 4500
001 - NÚMERO DE CONTROL
campo de control 127908
003 - IDENTIFICADOR DE NÚMERO DE CONTROL
campo de control ES-MaACL
007 - CAMPO FIJO DE DESCRIPCIÓN FÍSICA--INFORMACIÓN GENERAL
campo de control de longitud fija t|
008 - DATOS DE LONGITUD FIJA--INFORMACIÓN GENERAL
campo de control de longitud fija 070214s1975 sp r ||||1| spa d
100 1# - ENTRADA PRINCIPAL--NOMBRE DE PERSONA
Nombre de persona Rivera de Ventosa, Enrique.
9 (RLIN) 97647
245 10 - MENCIÓN DEL TÍTULO
Título Presupuestos filosóficos de la Teología de la Historia /
Mención de responsabilidad, etc. Enrique Rivera de Ventosa.
260 ## - PUBLICACIÓN, DISTRIBUCIÓN, ETC.
Lugar de publicación, distribución, etc. Zamora :
Nombre del editor, distribuidor, etc. Ed. Monte Casino,
Fecha de publicación, distribución, etc. 1975.
300 ## - DESCRIPCIÓN FÍSICA
Extensión 140 p. ;
Dimensiones 19 cm.
852 ## - LOCALIZACIÓN
Ubicación ES-MaACL
Número de control de estantería E-8656
Sublocalización o colección R.92950
Holdings
Estatus retirado Estado de pérdida Estado de daño No para préstamo Biblioteca de origen Biblioteca actual Ubicación en estantería Fecha de adquisición Fuente de adquisición Total de préstamos Signatura topográfica completa Código de barras Visto por última vez Precio de reemplazo Tipo de ítem Koha
        Biblioteca del Ateneo de Madrid Biblioteca del Ateneo de Madrid Depósito 2 17/01/2008     E-8656 1133222 23/02/2023 23/02/2023 Libro impreso